Największe rzeki Europy - Statystyki

Ogólne statystyki
  • Ten quiz został rozwiązany 74 razy
  • Średni wynik to 6 z 11
Statystyki odpowiedzi
Np Odpowiedź % Poprawnych
10. Wisła
92%
3. Dunaj
91%
11. Wołga
86%
1. Dniepr
73%
7. Sekwana
64%
4. Loara
56%
9. Tamiza
55%
8. Tag
47%
2. Don
34%
5. Pad
23%
6. Rodan
17%
Nie znaleziono quizów pasujących do podanych kryteriów
Rozkład punktacji
Procent ludzi z każdym wynikiem
Percentyl według liczby udzielonych odpowiedzi
Twoja historia wyników
Nie rozwiązałeś tego quizu